| 000 | 00744nam a22002532a 4500 | ||
|---|---|---|---|
| 001 | 63679 | ||
| 003 | BD-RjUL | ||
| 005 | 20211209081225.0 | ||
| 008 | 190318r19561956enk 000 0 eng d | ||
| 035 | _aCUW000195138 | ||
| 035 | _aOCLC ocm31155901 from D950906M | ||
| 035 | _a(BD-RjUL)63808 | ||
| 040 |
_aCVU _cCVU _dEQO _dBD-RjUL _beng |
||
| 041 | _aeng | ||
| 082 |
_223 _a657 _bGOK 1956 |
||
| 100 | 1 |
_aGoodman, Reginald Arthur. _9229429 |
|
| 245 | 1 | 0 |
_aKey to Carter's advanced accounts / _cby R.A. Goodman. Rev. by Henry H. Smith |
| 260 |
_aLondon : _bPitman, _c1952 |
||
| 300 |
_avii, 915 p.; _c21 cm |
||
| 650 | 0 |
_aAccounting _9229430 |
|
| 700 | 1 |
_aCarter, Roger Neale. _9229435 |
|
| 700 | 1 |
_aSmith, Henry H. _9229436 |
|
| 942 |
_2ddc _cBK |
||
| 999 |
_c63679 _d63679 |
||